Welcome to the Holygrace Academy Library

Please use search bar below to get started

COMPUTER SCIENCE C++ (Record no. 565)

MARC details
000 -LEADER
fixed length control field 00282nam a22001217a 4500
082 ## - DEWEY DECIMAL CLASSIFICATION NUMBER
Classification number 000
Item number ARO/C
100 ## - MAIN ENTRY--AUTHOR NAME
Personal name SUMITA ARORA
245 ## - TITLE STATEMENT
Title COMPUTER SCIENCE C++
Remainder of title CLASS XI
260 ## - PUBLICATION, DISTRIBUTION, ETC. (IMPRINT)
Place of publication DELHI
Name of publisher DHANPAT RAI & CO
Year of publication 2008
300 ## - PHYSICAL DESCRIPTION
Number of Pages 488
650 ## - SUBJECT ADDED ENTRY--TOPICAL TERM
Topical Term SC FOR CLASS XI C++
Geographic subdivision INDIA
942 ## - ADDED ENTRY ELEMENTS (KOHA)
Koha item type Books
Holdings
Withdrawn status Lost status Collection code Home library Current library Shelving location Date acquired Source of acquisition Cost, normal purchase price Full call number Accession Number Koha item type
    Reference Main Library Main Library   02/05/2017 purchase 180.00 000 ARO/C 10004 Books
    Reference Main Library Main Library   18/06/2011 purchase 185.00 000 ARO/C 05946 Books
    Reference Main Library Main Library   21/03/2014 purchase 300.00 000 ARO/C 07446 Books
    Reference Main Library Main Library   17/04/2013 purchase 250.00 000 ARO/C 07093 Books